Feasibility Study in Establishing "Nutri-Shake" Stall in Montalban Town Center/ (Record no. 78023)

MARC details
000 -LEADER
fixed length control field 01855nam a22002657a 4500
003 - CONTROL NUMBER IDENTIFIER
control field URS
005 - DATE AND TIME OF LATEST TRANSACTION
control field 20240416181812.0
008 - FIXED-LENGTH DATA ELEMENTS--GENERAL INFORMATION
fixed length control field 240326b |||||||| |||| 00| 0 eng d
050 00 - LIBRARY OF CONGRESS CALL NUMBER
Classification number LG 221.R59
Item number C8174 2015
100 1# - MAIN ENTRY--PERSONAL NAME
Personal name Corpuz, Mary Angelou P.
Relator term Researcher
245 1o - TITLE STATEMENT
Title Feasibility Study in Establishing "Nutri-Shake" Stall in Montalban Town Center/
Statement of responsibility, etc. Ibanez, Beverly Grace R. [and] Idala, Jinky A.
260 #1 - PUBLICATION, DISTRIBUTION, ETC.
Date of publication, distribution, etc. 2015
300 ## - PHYSICAL DESCRIPTION
Extent x, 112 leaves
Other physical details illustrations
Dimensions 28 cm
336 ## - CONTENT TYPE
Source rdacontent
Content type term text
337 ## - MEDIA TYPE
Source rdamedia
Media type term unmediated
338 ## - CARRIER TYPE
Source rdacarrier
Carrier type term volume
502 ## - DISSERTATION NOTE
Dissertation note Undergraduate Thesis
Degree type Bachelor of Science in Business Administration Major in Marketing Management
Name of granting institution University of Rizal System, Rodriguez, Rizal
Year degree granted 2015
520 ## - SUMMARY, ETC.
Summary, etc. The innovative shake business was conceptualized by young enterprising ladies taking the degree in Business administration major in marketing management in the University of Rizal System in Rodriguez Campus. Actually before the start of the Nutri-shake business, the partners have three different kind of business considered including the nutritious shake beverage stall. The other one is accessories shop for men and women and the last is Pulburon coated chocolate kiosk but apparently it is not worked for the partners maybe it is not really fit for them and considering that marketing is the process used to determine what products or services may be of interest to customers, and the strategy to use in sales, communication, and business development they have come up to the Nutri-shake business.
650 ## - SUBJECT ADDED ENTRY--TOPICAL TERM
Source of heading or term Nutri-Shake Stall
700 ## - ADDED ENTRY--PERSONAL NAME
Personal name Ibanez, Beverly Grace R.
Relator term Researcher
700 ## - ADDED ENTRY--PERSONAL NAME
Personal name Idala, Jinky A.
Relator term Researcher
700 ## - ADDED ENTRY--PERSONAL NAME
Personal name Perez, Christopher O.
Relator term Adviser
856 ## - ELECTRONIC LOCATION AND ACCESS
Materials specified Online Request for Student Unpublished Works
Uniform Resource Identifier <a href="https://forms.gle/7LqvGGkaDrUQqz429">https://forms.gle/7LqvGGkaDrUQqz429</a>
942 ## - ADDED ENTRY ELEMENTS (KOHA)
Source of classification or shelving scheme Library of Congress Classification
Koha item type Theses and dissertations

No items available.

University of Rizal System
Email us at univlibservices@urs.edu.ph

Visit our Website www.urs.edu.ph/library